Członkowie OPEC - Statystyki

Ogólne statystyki
  • Ten quiz został rozwiązany 22 razy
    10 od ostatniego zresetowania
  • Średni wynik to 10 z 12
Statystyki odpowiedzi
Obrazkowy Odpowiedź % Poprawnych
Arabia Saudyjska
100%
Irak
100%
Iran
100%
Libia
100%
Nigeria
100%
Wenezuela
100%
Zjednoczone Emiraty Arabskie
100%
Kuwejt
80%
Algieria
70%
Gabon
70%
Gwinea Równikowa
60%
Kongo
50%
Nie znaleziono quizów pasujących do podanych kryteriów
Rozkład punktacji
Procent ludzi z każdym wynikiem
Percentyl według liczby udzielonych odpowiedzi
Twoja historia wyników
Nie rozwiązałeś tego quizu od ostatniego zresetowania